Zachovanie a rast majetkovej podstaty ako relevantný nástroj trvalo udržateľného rozvoja podniku záverečná správa projektu VEGA 1/0512/16

Saved in:
Bibliographic Details
Main Author: Pakšiová, Renáta, 1974-
Other Authors: Baštincová, Anna, Kubaščíková, Zuzana, 1982-, Tumpach, Miloš, 1970-, Kicová, Marianna, Kuceková, Milada, Lovciová, Kornélia, 1983-, Oriskóová, Denisa, Benko, Ján
Format: Book
Language:Slovak
English
Published: Bratislava 2019
Subjects:
Tags: Add Tag
No Tags, Be the first to tag this record!

MARC

LEADER 00000nam a2200000 4500
001 0260897
005 20240521093151.1
041 0 |a slo 
041 0 |a eng 
044 |a SK 
245 1 0 |a Zachovanie a rast majetkovej podstaty ako relevantný nástroj trvalo udržateľného rozvoja podniku  |b záverečná správa projektu VEGA 1/0512/16  |c vedúca projektu: Renáta Pakšiová, zástupca vedúcej projektu: Anna Baštincová a Zuzana Kubaščíková, spoluriešitelia: Tumpach Miloš ... [et al.] 
264 1 |a Bratislava  |c 2019 
300 |a [20 s.] 
610 2 0 |a majetok 
610 2 0 |a podnik 
610 2 0 |a rozvoj trvalo udržateľný 
100 1 |a Pakšiová, Renáta, 1974- 
700 1 |a Baštincová, Anna 
700 1 |a Kubaščíková, Zuzana, 1982- 
700 1 |a Tumpach, Miloš, 1970- 
700 1 |a Kicová, Marianna 
700 1 |a Kuceková, Milada 
700 1 |a Lovciová, Kornélia, 1983- 
700 1 |a Oriskóová, Denisa 
700 1 |a Benko, Ján